| 000 | 00665cam a2200193 4500 | ||
|---|---|---|---|
| 001 | WB3612-21 | ||
| 008 | 000000n2000 000 0 eng u | ||
| 035 | _a(Sirsi) u104987 | ||
| 245 | _aRICS vote backs reform | ||
| 260 | _c2000 | ||
| 490 |
_aRICS Press Release _v(pr030) 22 March 2000 (2) |
||
| 520 | _aChartered surveyors have voted (86.5%) in favour of reform plans to update the property profession and modernise the RICS. Highlights the main features of the reformed RICS. | ||
| 590 | _aWB | ||
| 650 | _aRICS | ||
| 650 | _aAGENDA FOR CHANGE | ||
| 650 | _aMODERNISATION | ||
| 690 | _aMANAGEMENT-BUSINESS MANAGEMENT-PROFESSIONAL PRACTICE | ||
| 942 | _n0 | ||
| 999 |
_c62975 _d62975 |
||